Nonlinear hyperbolic problems : proceedings of an advanced research workshop, held in St. Etienne, France January 13-17, 1986

Αποθηκεύτηκε σε:
Λεπτομέρειες βιβλιογραφικής εγγραφής
Συγγραφή απο Οργανισμό/Αρχή: International Conference on Non-linear Hyperbolic Problems
Άλλοι συγγραφείς: Carasso, C. (Claude) (Επιμελητής έκδοσης), Raviart, Pierre-Arnaud, 1939- (Επιμελητής έκδοσης), Serre, D. (Denis) (Επιμελητής έκδοσης)
Μορφή: Πρακτικό Συνεδρίου Βιβλίο
Γλώσσα:English
Δημοσίευση: Berlin ; New York : Springer-Verlag, c1987
Σειρά:Lecture notes in mathematics (Springer-Verlag) ; 1270
Θέματα:
Ετικέτες: Προσθήκη ετικέτας
Δεν υπάρχουν, Καταχωρήστε ετικέτα πρώτοι!

MARC

LEADER 00000cam a2200000 i 4500
001 1/27297
008 941103s1987 eng d
020 |a 3-540-18200-4 
035 |a 1993  |l 10037791 
040 |a GR-MY-UA  |b gre  |e aacr 
041 0 |a eng 
082 0 |a 515.353 
245 0 0 |a Nonlinear hyperbolic problems :  |b proceedings of an advanced research workshop, held in St. Etienne, France January 13-17, 1986 /  |c C. Carasso, P.-A. Raviart, D. Serre (eds.) 
260 |a Berlin ; New York :   |b Springer-Verlag,   |c c1987 
300 |a xv, 341 p.;  |b ill.;  |c 25 cm. 
490 1 |a Lecture notes in mathematics (Springer-Verlag)  |v ; 1270 
500 |a Papers presented at the International Conference on Non-linear Hyperbolic Problems, held in Saint-Etienne, France, Jan. 13-17, 1986. 
500 |a Includes bibliographical references 
650 0 0 |a Differential equations, Hyperbolic  |x Congresses. 
650 0 0 |a Differential equations, Nonlinear  |x Congresses. 
700 1 |a Carasso, C.   |q (Claude)  |e edt 
700 1 |a Raviart, Pierre-Arnaud,   |d 1939-  |e edt 
700 1 |a Serre, D.   |q (Denis)  |e edt 
711 2 |a International Conference on Non-linear Hyperbolic Problems   |d (1986 :   |c Saint-Etienne, Loire, France) 
830 0 |a Lecture notes in mathematics (Springer-Verlag)  |v ; 1270 
852 |a INST  |b SAMOS  |e 19941103  |h 515.353 NON  |p 005300007750  |q 005300007750  |t BK  |y 0 
909 |a Σ  |b 029152